<?xml version="1.0" encoding="UTF-8"?><?xml-stylesheet type="text/xsl" href="static/style.xsl"?><OAI-PMH xmlns="http://www.openarchives.org/OAI/2.0/" xmlns:xsi="http://www.w3.org/2001/XMLSchema-instance" xsi:schemaLocation="http://www.openarchives.org/OAI/2.0/ http://www.openarchives.org/OAI/2.0/OAI-PMH.xsd"><responseDate>2026-04-13T01:02:48Z</responseDate><request verb="GetRecord" identifier="oai:www.recercat.cat:2099.1/18600" metadataPrefix="marc">https://recercat.cat/oai/request</request><GetRecord><record><header><identifier>oai:recercat.cat:2099.1/18600</identifier><datestamp>2025-07-23T04:53:51Z</datestamp><setSpec>com_2072_1033</setSpec><setSpec>col_2072_452951</setSpec></header><metadata><record xmlns="http://www.loc.gov/MARC21/slim" xmlns:dcterms="http://purl.org/dc/terms/" xmlns:xsi="http://www.w3.org/2001/XMLSchema-instance" xmlns:doc="http://www.lyncode.com/xoai" xsi:schemaLocation="http://www.loc.gov/MARC21/slim http://www.loc.gov/standards/marcxml/schema/MARC21slim.xsd">
   <leader>00925njm 22002777a 4500</leader>
   <datafield ind2=" " ind1=" " tag="042">
      <subfield code="a">dc</subfield>
   </datafield>
   <datafield ind2=" " ind1=" " tag="720">
      <subfield code="a">Obejo Martínez, Laura</subfield>
      <subfield code="e">author</subfield>
   </datafield>
   <datafield ind2=" " ind1=" " tag="260">
      <subfield code="c">2013-02</subfield>
   </datafield>
   <datafield ind2=" " ind1=" " tag="520">
      <subfield code="a">El presente proyecto final de grado pretende mostrar la realización de un estudIo histórico y arquitectónico del edificio de “L’Obra Social de la Caixa d’Estalvis de Sabadell”. El edificio se encuentra en el centro histórico de dicha ciudad y su construcción data entre 1907-1910, por el arquitecto Jeroni Martorell i Terrats. Inicio este proyecto haciendo mención a la ciudad de Sabadell para conocer más a fondo la historia, situación social y económica, que se vivía en dicha ciudad en el momento de la construcción de este emblemático edificio de la plaza del mercado y así, poder entender con más claridad su construcción. Además también hago referencia a su bonito patrimonio histórico y en que afectó el modernismo catalán a esta ciudad. Continúo el proyecto, mostrando toda la información hallada sobre el arquitecto, tanto toda su obra como sus criterios e influencias adquiridas para el desarrollo de su arquitectura, y todo lo referente a la creación de este edificio, que cabe destacar la poca documentación gráfica que se conserva de este. I para finalizar, se hace referencia a todo lo relacionado con la metodología realizada para la elaboración del presente proyecto, además de la documentación fotográfica y la esencial documentación gráfica. ANGLÈS: This final Project of Degree aims to show the realization of a historical and architectural “L’Obra Social de la Caixa d’Estalvis de Sabadell”. The building is located in the historic center of the city and its construction dates between the years 1907-1910, by the architect Jeroni Martorell i Terrats. I start this project in reference to the city of Sabadell to know more all out her history, social and economic situation, which has been lived in that city at the time of the construction of this emblematic building from the market square and thus, be able to understand more clearly its construction. In addition I also refer to the beautiful historical heritage from the modernist period, and in which it affected the Catalan modernism in this city. I continue the project, showing all of the information found on the architect, both his work as their judgment and influences acquired for the development of his career, and everything related to the creation of this building, that it is worth drawings that has been preserved at this. And finally, it refers to everything related to the methodology used for the preparation of the present project, besides the photographic documentation and the essential graphic documentation.</subfield>
   </datafield>
   <datafield tag="653" ind2=" " ind1=" ">
      <subfield code="a">Àrees temàtiques de la UPC::Arquitectura</subfield>
   </datafield>
   <datafield tag="653" ind2=" " ind1=" ">
      <subfield code="a">Àrees temàtiques de la UPC::Edificació</subfield>
   </datafield>
   <datafield tag="653" ind2=" " ind1=" ">
      <subfield code="a">Historic buildings</subfield>
   </datafield>
   <datafield tag="653" ind2=" " ind1=" ">
      <subfield code="a">Art nouveau (Architecture) -- Spain</subfield>
   </datafield>
   <datafield tag="653" ind2=" " ind1=" ">
      <subfield code="a">Vocational training centers</subfield>
   </datafield>
   <datafield tag="653" ind2=" " ind1=" ">
      <subfield code="a">Patrimoni històric -- Catalunya -- Sabadell</subfield>
   </datafield>
   <datafield tag="653" ind2=" " ind1=" ">
      <subfield code="a">Modernisme (Arquitectura) -- Catalunya -- Sabadell</subfield>
   </datafield>
   <datafield tag="653" ind2=" " ind1=" ">
      <subfield code="a">Martorell i Terrats, Jeroni, 1877-1951</subfield>
   </datafield>
   <datafield tag="653" ind2=" " ind1=" ">
      <subfield code="a">Centres de formació professional -- Catalunya -- Sabadell</subfield>
   </datafield>
   <datafield tag="653" ind2=" " ind1=" ">
      <subfield code="a">Escola Industrial - Obra Social Caixa de Sabadell (Sabadell, Catalunya)</subfield>
   </datafield>
   <datafield ind2="0" ind1="0" tag="245">
      <subfield code="a">La Obra Social de la Caixa d'Estalvis de Sabadell: historia y arquitectura</subfield>
   </datafield>
</record></metadata></record></GetRecord></OAI-PMH>